00576 2200169 4500001002100000008004100021035002000062245013900082100002700221260004600248300002100294020002200315084001600337082001000353650002900363990001400392INLIS000000000000200 ind  a0010-0525000181 aPerang Besar EropabDinamika Benua Eropa, Taktik Blitzkrieg, Kampanye Militer, dan Kisah Puncak Serangan JermancCandrika Ilham Wijaya aWijaya, Candrika Ilham aYogyakarta :bAnak Hebat Indonesia,c2024 a274 hlm.c20 cm. a978-623-515-268-4 a940.3 WIJ p a940.3 aSejarah - Perang Dunia I a000000211